000 00606cam a22002171i 4500
001 ca 36000048
003 DLC
005 20260227111139.0
008 770221s1935 nyu 000 0 eng
010 _aca 36000048
035 _a(OCoLC)2753191
040 _aDLC
_cMNoW
_dDLC
042 _apremarc
050 0 0 _aPS3521.L5
_bM8 1935
082 _a812.5
100 1 _aKlein, Charles,
_d1867-1915.
245 1 4 _aThe music master :
_ba play in three acts /
_cby Charles Klein.
260 _aNew York :
_bFrench,
_c1935.
300 _a134 p. :
_bill. ;
_c19 cm.
490 0 _aFrench's standard library edition
999 _c17945
_d17945